Épülnek az új vízművek napi 30 ezer köbméter víz : tovább korszerűsítik a csőhálózatot

Elmentve itt :
Bibliográfiai részletek
Dokumentumtípus: Cikk
Megjelent: 1965-08-08
Sorozat:Délmagyarország 55 No. 186
Kulcsszavak:Víz- és csatornaügy korszerűsítés Szeged 1965, vízellátás, csatornázás
Online Access:http://dmarchiv.bibl.u-szeged.hu/65148
LEADER 00541nab a2200145 i 4500
001 delm65148
005 20180927151331.0
008 180927s1965 hu o 0|| hun d
040 |a SZTE Délmagyarország Archívum  |b hun 
041 |a hun 
245 0 0 |a Épülnek az új vízművek   |h [elektronikus dokumentum] :  |b napi 30 ezer köbméter víz : tovább korszerűsítik a csőhálózatot 
260 |c 1965-08-08 
300 |a 1 
490 0 |a Délmagyarország  |v 55 No. 186 
695 |a Víz- és csatornaügy korszerűsítés Szeged 1965, vízellátás, csatornázás